Millie Bobby Brown Movies - Statistics

General Stats
  • This quiz has been taken 82 times
    23 since last reset
  • The average score is 4 of 10
Answer Stats
Year Movie % Correct
2020 Enola Holmes
100%
2022 Enola Holmes 2
81%
2024 Damsel
48%
2025 The Electric State
48%
2026 Enola Holmes 3
38%
2021 Godzilla vs.. Kong
38%
2019 Godzilla: King of the Monsters
14%
TBD The Girls I've Been
5%
2018 Spheres
0%
TBD The Thing About Jellyfish
0%
No matching quizzes found
Score Distribution
Percent of People with Each Score
Percentile by Number Answered
Your Score History
You have not taken this quiz since the last reset